Gorillaz - Empire Ants (Lyrics) - Statistics

General Stats
  • This quiz has been taken 56 times
  • The average score is 104 of 159
Answer Stats
Answer % Correct
a
98%
me
95%
The
95%
the
95%
Little
93%
little
93%
machine
93%
working
93%
you
90%
you,
90%
feet,
88%
to
88%
it
85%
memories
83%
on
80%
come
78%
Your
75%
And
73%
and
73%
is
73%
Oh,
73%
sun
73%
we
73%
will
73%
Will
73%
again
70%
has
70%
hold
70%
Fall
68%
fall
68%
of
65%
whole
65%
joy's
63%
soar?
63%
spin?
63%
world
63%
out
60%
around
58%
in
58%
all
55%
arise
55%
down
55%
dream,
55%
My
55%
crashing
53%
here,
53%
here
53%
if
53%
it's
53%
It's
53%
marching
53%
away
50%
falling
50%
like
50%
Sailing
50%
Say,
50%
behind
48%
empire
48%
emptiness
48%
space
48%
through
48%
wave,
48%
leave
45%
shadows
43%
Soon
43%
Where
43%
week
35%
far
33%
polyphonic
33%
'til
33%
with
33%
closing
30%
doldrums
30%
haunted
30%
mind
30%
prayer
30%
rising
30%
Rolling
28%
empires
25%
sleeps
25%
air
23%
warm
18%
Blows
15%
going
15%
they're
13%
No matching quizzes found
Score Distribution
Percent of People with Each Score
Percentile by Number Answered
Your Score History
You have not taken this quiz